000 00251nam a2200097Ia 4500
008 240331s9999 xx 000 0 und d
082 _bSUN
100 _aSundarayya, S
245 0 _aVeerat telangana ayuthap poraddankalum athan paddipanaikalum
942 _cL
999 _c2362
_d2362